|
|
|
|
| LEADER |
01393nam a2200349 a 4500 |
| 001 |
639 |
| 003 |
BD-DhAAL |
| 008 |
090505s1977 nyu b 001 0 eng d |
| 999 |
|
|
|c 410
|d 410
|
| 010 |
|
|
|a 77011896
|
| 020 |
|
|
|a 0393064344
|
| 040 |
|
|
|a DLC
|c DLC
|d VRC
|d MET
|d m.c.
|d ORE
|d BD-DhAAL
|
| 060 |
|
|
|a WA 30 E185p 1977
|
| 082 |
|
|
|a 362.1042
|
| 100 |
1 |
|
|a Eckholm, Erik P.
|9 41936
|
| 245 |
1 |
4 |
|a The picture of health :
|b environmental sources of disease /
|c Erik P. Eckholm ; Worldwatch Institute, with the support and cooperation of the United Nations Environment Program.
|
| 250 |
|
|
|a First edition
|
| 260 |
|
|
|a New York :
|b Norton,
|c c1977.
|
| 300 |
|
|
|a 256 pages ;
|c 22 cm.
|
| 504 |
|
|
|a Includes bibliographical references (pages [245]-246) and index.
|
| 541 |
1 |
|
|e 639
|
| 650 |
|
0 |
|a Environmental health.
|9 41937
|
| 650 |
|
0 |
|a Social medicine.
|9 41938
|
| 650 |
|
0 |
|a Nutritionally induced diseases.
|9 41939
|
| 650 |
|
2 |
|a Environmental Health.
|9 41940
|
| 650 |
|
2 |
|a Nutrition Disorders.
|9 41941
|
| 650 |
|
2 |
|a Social Medicine.
|9 41942
|
| 710 |
2 |
|
|a Worldwatch Institute.
|9 41943
|
| 710 |
2 |
|
|a United Nations Environment Programme.
|9 41944
|
| 852 |
|
|
|a Ayesha Abed Library
|c General Stacks
|
| 942 |
|
|
|2 ddc
|c BK
|
| 952 |
|
|
|0 0
|1 0
|2 ddc
|4 0
|6 362_104200000000000_ECK_1977
|7 0
|9 371
|a BRACUL
|b BRACUL
|c GEN
|d 2009-05-06
|g 336.00
|l 1
|m 2
|o 362.1042 ECK
|p 3010000639
|r 2024-02-20
|s 2024-01-30
|t 1
|v 672.00
|w 2009-05-06
|y BK
|